| 000 | 00388nam a2200145Ia 4500 | ||
|---|---|---|---|
| 008 | 191201s2005 xx 000 0 und d | ||
| 082 |
_a621.392 _bRAT |
||
| 100 | _aRAMABHADRAN, S | ||
| 245 | 0 | _aTelecommunications Principles, Circuits, Systems and Experiments | |
| 250 | _a2nd | ||
| 260 |
_aN.Delhi _bKhanna Publisher _c2005 |
||
| 300 | _a1410 | ||
| 650 | _aB.Tech(ECE) | ||
| 942 |
_2ddc _cBK |
||
| 999 |
_c1950 _d1950 |
||